Les artistes ayant reçu le plus de Grammy Awards - Statistiques

Statistiques générales
  • Ce quiz a été pris 222 fois
  • Le résultat moyen est 12 sur 47
Statistiques - réponses
Nbre de récompenses Indice 1 Indice 2 Indice 3 Artiste Rang % Correct
32 1981 Houston Knowles {Beyoncé} 1
78%
14 1989 Reading Chanteuse Taylor {Swift} 36
76%
24 1969 New York Rappeur Jay-{Z} 9
75%
14 1987 Compton Rappeur Kendrick {Lamar} 36
73%
13 1958-2009 Gary-Los Angeles Chanteur Michael {Jackson} 39
72%
13 1986 New York Germanotta Lady {Gaga} 39
66%
18 1955 Paris Violoncelle Yo-Yo {Ma} 18
65%
15 1981 New York Chanteuse Alicia {Keys} 28
62%
10 1981 Memphis Chanteur Justin {Timberlake} 42
60%
15 1985 Honolulu Compositeur Bruno {Mars} 28
59%
25 1950 Saginaw Chanteur Stevie {Wonder} 6
53%
18 1942-2018 Memphis-Detroit Chanteuse Aretha {Franklin} 18
47%
17 1930-2004 Albany-Beverly Hills Chanteur Ray {Charles} 24
46%
28 1933 Chicago Trompette Quincy {Jones} 3
45%
16 1988 Londres Chanteuse {Adele} 27
39%
22 1976 Dublin Groupe {U2} 11
31%
18 1942 Liverpool Instrumentiste Päul {McCartney} 18
30%
15 1972 St Joseph Rappeur {Eminem} 28
28%
15 1994 Seattle Groupe Foo {Fighters} 28
24%
20 1949 Long Branch Guitare Bruce {Springsteen} 14
21%
18 1945 Ripley Guitare Eric {Clapton} 18
19%
24 1977 Atlanta West {Ye} 9
19%
15 1925-2015 Itta Bena-Las Vegas Guitare B.B. {King} 28
15%
10 1947 Autlan de Navajo Guitare Carlos {Santana} 42
14%
14 1989 Dallas Groupe Dixie {Chicks} 36
10%
25 1932 New York Compositeur John {Williams} 6
10%
10 1958-2016 Minneapolis-Chanhassen Nelson Prince 42
10%
12 1940 Chicago Compositeur Herbie {Hancock} 41
9%
18 1926-2023 New York-New York Chanteur Tony {Bennett} 18
8%
15 1941 Newark Chanteur Paul {Simon} 28
7%
31 1912-1997 Budapest-Antibes Chevalier Georg {Solti} 2
4%
27 1971 Decatur Country Alison {Krauss} 4
3%
22 1941-2021 Chelsea-Tampa bay Piano Chick {Corea} 11
3%
17 1951 Wallsend Chanteur {Sting} 24
3%
10 1943 Pittsburgh Guitare George {Benson} 42
2%
15 1945 Tel Aviv Violon Itzhak {Perlman} 28
2%
27 1925-2016 Montbrison-Baden-Baden Chef Pierre {Boulez} 4
2%
15 1949 Victoria Compositeur David {Foster} 28
1%
20 1954 Lee's summit Guitare Pat {Metheny} 14
1%
10 1978 Dallas Chanteur Usher 42
1%
25 1903-1989 Kiev-New York Piano Vladimir {Horowitz} 6
1%
20 1930-2021 New York-Bell Canyon Ingénieur Al {Schmitt} 14
0%
10 1959 Indianapolis Edmonds Babyface 42
0%
20 1924-1994 Cleveland-Los Angeles Compositeur Henry {Mancini} 14
0%
18 1941 New York Instrumentiste Jimmy {Sturr} 18
0%
17 1949-2007 Philadelphie-New York Saxophone Michael {Brecker} 24
0%
21 1957 Norman Chanteur Vince {Gill} 13
0%
Aucun quiz correspondant
Distribution des résultats
% des personnes avec chaque résultat
Percentile par nombre de réponses
Votre historique - résultats
Vous n’avez pas pris ce quiz